000 00323nam a2200121Ia 4500
008 230822s2016 xx 000 0 und d
020 _a9790000000000
041 _aeng
100 _aFREDERICK M. AND MEHTA V.
245 _a101 THINGS I LEARNED IN URBAN DESIGN SCHOOL
260 _bTHREE RIVERS PRESS
_c2016
300 _a424
999 _c859887
_d859887